Catálogo
 En Linea

Vulnerable en voz alta y otros cuentos premiados : (Registro nro. 42435)

Detalles MARC
000 -CABECERA
campo de control de longitud fija 01473nam a2200313 i 4500
001 - NÚMERO DE CONTROL
campo de control 000042946
003 - IDENTIFICADOR DEL NÚMERO DE CONTROL
campo de control DO-SdBNP
005 - FECHA Y HORA DE LA ÚLTIMA TRANSACCIÓN
campo de control 20250320132603.0
007 - CAMPO FIJO DE DESCRIPCIÓN FÍSICA--INFORMACIÓN GENERAL
campo de control de longitud fija ta
008 - DATOS DE LONGITUD FIJA--INFORMACIÓN GENERAL
campo de control de longitud fija 140213s2011 dr 000 j spa d
020 ## - NÚMERO INTERNACIONAL ESTÁNDAR DEL LIBRO
Número Internacional Estándar del Libro 9789945475067
040 ## - FUENTE DE LA CATALOGACIÓN
Centro catalogador/agencia de origen DO-SdBNP
Lengua de catalogación spa
Centro/agencia transcriptor BNPHU
Normas de descripción rda
041 ## - CÓDIGO DE LENGUA
Código de lengua del texto/banda sonora o título independiente spa
082 #4 - NÚMERO DE LA CLASIFICACIÓN DECIMAL DEWEY
Número de clasificación RD863.5
Número de documento/Ítem V335v
Número de edición 22
100 1# - ENTRADA PRINCIPAL--NOMBRE DE PERSONA
Nombre de persona Vásquez Germán, Ariadna
9 (RLIN) 72661
245 00 - MENCIÓN DE TÍTULO
Título Vulnerable en voz alta y otros cuentos premiados :
Resto del título Premio Nacional Joven Feria del Libro 2010 /
Mención de responsabilidad, etc. Ariadna Vásquez Germán.
264 #4 - PRODUCCIÓN, PUBLICACIÓN, DISTRIBUCIÓN, FABRICACIÓN Y COPYRIGHT
Producción, publicación, distribución, fabricación y copyright Santo Domingo, República Dominicana :
Nombre del de productor, editor, distribuidor, fabricante Dirección General de la Feria del Libro ;
-- Ediciones Ferilibro,
Fecha de producción, publicación, distribución, fabricación o copyright ©2011.
300 ## - DESCRIPCIÓN FÍSICA
Extensión 81 páginas ;
Dimensiones 23 cm.
336 ## - TIPO DE CONTENIDO
Término de tipo de contenido rdacontent
Código de tipo de contenido texto
Fuente txt
337 ## - TIPO DE MEDIO
Nombre/término del tipo de medio rdamedia
Código del tipo de medio sin mediación
Fuente n
338 ## - TIPO DE SOPORTE
Nombre/término del tipo de soporte rdacarrier
Código del tipo de soporte volumen
Fuente nc
505 ## - NOTA DE CONTENIDO CON FORMATO
Título Menciones de Honor : --
-- El hombre de mis sueños /
Mención de responsabilidad Tavera, Joan Elaine --
Título Ida y vuelta /
Mención de responsabilidad Lilian Tejeda --
Título Juan de los palotes /
Mención de responsabilidad Acevedo Figuereo, Antonio Miguel --
Título Juguetes en el ático /
Mención de responsabilidad Espinal, Rolando Gregorio --
Título Las dos caras /
Mención de responsabilidad Windt Sánchez, Marcelo Armardo de --
Título Propiedad privada --
Mención de responsabilidad Devers, Adriana --
Título Sangre en el tambor /
Mención de responsabilidad Pión, Ruth Carolina --
586 ## - NOTA DE PREMIOS
Nota de premios Premio nacional de cuentos joven feria del libro 2010
590 ## - NOTA LOCAL (RLIN)
Nota local Inventariado, 2020/YL
650 #7 - PUNTO DE ACCESO ADICIONAL DE MATERIA--TÉRMINO DE MATERIA
Término de materia o nombre geográfico como elemento de entrada Cuentos dominicanos
9 (RLIN) 176
Fuente del encabezamiento o término LEMB
650 #7 - PUNTO DE ACCESO ADICIONAL DE MATERIA--TÉRMINO DE MATERIA
Término de materia o nombre geográfico como elemento de entrada Literatura dominicana.
9 (RLIN) 67
Fuente del encabezamiento o término LEMB
910 ## - DATOS DE OPCIÓN DEL USUARIO (OCLC)
Datos de opción del usuario Validado. Control de calidad MFF
942 ## - ELEMENTOS DE PUNTO DE ACCESO ADICIONAL (KOHA)
Fuente del sistema de clasificación o colocación Dewey Decimal Classification
Tipo de ítem Koha Libro
Existencias
Estado de retiro Estado de pérdida Fuente del sistema de clasificación o colocación Restricciones de uso No para préstamo Código de colección Localización permanente Ubicación/localización actual Ubicación en estantería Fecha de adquisición Fuente de adquisición Total de préstamos Signatura topográfica completa Código de barras Fecha visto por última vez Precio válido a partir de Tipo de ítem Koha Número de copia Nota pública
    Dewey Decimal Classification Excluido de préstamo   Patrimonio Dominicano Biblioteca Nacional Pedro Henríquez Ureña Biblioteca Nacional Pedro Henríquez Ureña Depósito 21.10.2013 Alfonso Quiñones   BNPHU PD RD863.5 V335v 2010 42946-10 25.06.2020 25.06.2020 Libro    
    Dewey Decimal Classification Excluido de préstamo   Patrimonio Dominicano Biblioteca Nacional Pedro Henríquez Ureña Biblioteca Nacional Pedro Henríquez Ureña Depósito 10.06.2014 Chiqui V. Fidelio D.   BNPHU PD RD863.5 V335v 2010 42946-20 25.06.2020 25.06.2020 Libro e.2 Perteneció a la biblioteca personal de Chiqui Vicioso / Fidelio Despradel.
    Dewey Decimal Classification Préstamo en sala   Dominicana de Servicio Biblioteca Nacional Pedro Henríquez Ureña Biblioteca Nacional Pedro Henríquez Ureña Depósito 06.12.2018 Nieves L. Enuterio R.   BNPHU DS RD863.5 V335v 2010 2020-0248 28.10.2020 25.06.2020 Libro e.3  
    Dewey Decimal Classification Préstamo en sala   Dominicana de Servicio Biblioteca Nacional Pedro Henríquez Ureña Biblioteca Nacional Pedro Henríquez Ureña Depósito 02.06.2021 Donado por CERTV   BNPHU DS RD863.5 V335v 2010 2021-1906 02.06.2021 02.06.2021 Libro e.4 Donado por CERTV
    Dewey Decimal Classification Préstamo en sala   Dominicana de Servicio Biblioteca Nacional Pedro Henríquez Ureña Biblioteca Nacional Pedro Henríquez Ureña Depósito 11.02.2025 Donado por la Presidencia de la República Dominicana 2023   BNPHU DS RD863.5 V335v 2010 2025-0926 11.02.2025 11.02.2025 Libro e.5 Pertenecio a la biblioteca de René Rodríguez Soriano

Con tecnología Koha